00763cam a22002171 4500001001300000003000400013005001700017008004100034010001700075040001800092050002200110100003400132245006500166260004600231300001500277490005000292500008500342505002300427700002600450830006900476ne 62000297 DLC20260227111734.0060823s1943 tu 000 0 tur  ane 62000297  aDLCcDLCdDLC00aPL248.B8bA6 19430 aKadi Burhaneddin,d1344-1398.10aKadı Burhanettin divanı. [Hazırlıyan : Dehri Dilçin]. aİstanbul,bA. Kıral Basımevı,c1943- av.c25 cm.0 aT. D. K. [Seri] C.vII. [sayı] 19 [i. e. 78] aSeries no. supplied from Türk Dil Kurumu yayınları sıra listesi, 1932-1957.0 a1. Tıpkıbasım.1 aDilçin, Dehri,eed. 0aTürk Dil Kurumu. Türk Dil Kurumu yayınlarından,vsayı 78